000 00680nam a2200205Ia 4500
005 20250508155306.0
008 008 250505s9999 xx 000 0 eng d
037 _aTextual
040 _aFEDL
_beng
_cFEDL
041 _aeng
_2eng
084 _a370.7, NCE
_qFEDL
100 _aBina Roy
245 0 _aRelationship between the measures of success of teachers as students under training and as teachers in schools
245 0 _cC.I.E. in Education and Psychology
260 _aNew Delhi, India
_bNational Council of Educational Research and Training
_c1968
300 _a47p.
650 _aEducation
942 _cTEXL
_h370.7, NCE
999 _c1355881
_d1355881